[Event "Niedersachsen-ch U18"]
[Site "Rotenburg"]
[Date "2012.04.04"]
[Round "7"]
[White "Hampel, Felix"]
[Black "Thumulka, Patrick"]
[Result "1/2-1/2"]
[WhiteElo "2093"]
[BlackElo "1994"]
[PlyCount "70"]
[EventDate "2012.03.31"]
[EventType "swiss"]
[EventRounds "9"]
[EventCountry "GER"]
[SourceTitle "EXT 2015"]
[Source "ChessBase"]
[SourceDate "2014.11.20"]
[SourceVersion "1"]
[SourceVersionDate "2014.11.20"]
[SourceQuality "1"]

1. e4 e6 2. b3 d5 3. Bb2 dxe4 4. Nc3 Nf6 5. Qe2 Be7 6. Nxe4 Nbd7 7. 0-0-0 b6 8. Nf3 Bb7 9. Nxf6+ Bxf6 10. d4 Qe7 11. Rg1 0-0-0 12. g4 g6 13. Bg2 h5 14. h3 hxg4 15. hxg4 Kb8 16. Kb1 Bg7 17. Rh1 Rxh1 18. Rxh1 Rh8 19. Rxh8+ Bxh8 20. Ne1 Bf6 21. Bxb7 Kxb7 22. Nd3 Kb8 23. Qe4 Qd6 24. a4 c6 25. f3 Kc7 26. Nf2 Qd5 27. Qxd5 exd5 28. Kc1 Nf8 29. Nd3 Ne6 30. c3 Bg5+ 31. Kc2 f6 32. Bc1 Bxc1 33. Nxc1 Ng5 34. f4 Ne4 35. Nd3 Kd6 1/2-1/2

[Event "Karl Mala Memorial op 14th"]
[Site "Frankfurt"]
[Date "2011.07.10"]
[Round "6"]
[White "Thumulka, Patrick"]
[Black "Kreiling, Carsten"]
[Result "1/2-1/2"]
[WhiteElo "1945"]
[BlackElo "2138"]
[PlyCount "44"]
[EventDate "2011.07.07"]
[EventType "swiss"]
[EventRounds "7"]
[EventCountry "GER"]
[SourceTitle "EXT 2012"]
[Source "ChessBase"]
[SourceDate "2011.11.24"]
[SourceVersion "1"]
[SourceVersionDate "2011.11.24"]
[SourceQuality "1"]

1. e4 c5 2. Nf3 Nc6 3. d4 cxd4 4. Nxd4 g6 5. Nc3 Bg7 6. Be3 Nf6 7. Bc4 0-0 8. Bb3 d6 9. f3 Bd7 10. Qd2 Na5 11. 0-0-0 Rb8 12. Bh6 b5 13. Bxg7 Kxg7 14. g4 h6 15. g5 Nxb3+ 16. Nxb3 hxg5 17. Qxg5 Rh8 18. h4 b4 19. Nd5 Nxd5 20. exd5 Rh5 21. Qe3 Rb5 22. Qxa7 Rhxd5 1/2-1/2

[Event "GER-chT U16"]
[Site "Verden an der Aller"]
[Date "2009.12.28"]
[Round "4.2"]
[White "Mundorf, Johannes"]
[Black "Thumulka, Patrick"]
[Result "1-0"]
[WhiteElo "1858"]
[BlackElo "1892"]
[PlyCount "85"]
[EventDate "2009.12.27"]
[EventType "team-swiss"]
[EventRounds "7"]
[EventCountry "GER"]
[SourceTitle "EXT 2022"]
[Source "ChessBase"]
[SourceDate "2021.10.06"]
[SourceVersion "1"]
[SourceVersionDate "2021.10.06"]
[SourceQuality "1"]
[WhiteTeam "Muelheim Nord U16"]
[BlackTeam "Oesede Georgsmarienhuette U16"]
[WhiteTeamCountry "GER"]
[BlackTeamCountry "GER"]

1. d4 d5 2. Nf3 Nf6 3. c4 c6 4. cxd5 cxd5 5. Nc3 Nc6 6. Bf4 Bf5 7. e3 e6 8. Qb3 Qb6 9. Bb5 Nd7 10. 0-0 Be7 11. Rfc1 Rc8 12. Na4 Qd8 13. Rc3 0-0 14. Rac1 g5 15. Bg3 g4 16. Bxc6 Rxc6 17. Rxc6 bxc6 18. Ne5 Nxe5 19. Bxe5 f6 20. Bg3 Qa5 21. a3 Qd2 22. Qc3 Qxc3 23. Rxc3 Rc8 24. b4 Kf7 25. b5 c5 26. dxc5 e5 27. b6 axb6 28. cxb6 Bxa3 29. f4 gxf3 30. Rxa3 Rc1+ 31. Kf2 Rc2+ 32. Kxf3 Be4+ 33. Kg4 h5+ 34. Kxh5 Rc8 35. Be1 Rh8+ 36. Kg4 Rg8+ 37. Kh4 Bf5 38. h3 Rxg2 39. b7 Rg8 40. Nc5 Rh8+ 41. Kg3 Rxh3+ 42. Kg2 Rh8 43. Ra8 1-0

[Event "Niedersachsen-ch U14"]
[Site "Rotenburg"]
[Date "2009.04.06"]
[Round "4"]
[White "Thumulka, Patrick"]
[Black "Hampel, Felix"]
[Result "0-1"]
[WhiteElo "1894"]
[BlackElo "1976"]
[PlyCount "106"]
[EventDate "2009.04.04"]
[EventType "swiss"]
[EventRounds "9"]
[EventCountry "GER"]
[SourceTitle "EXT 2010"]
[Source "ChessBase"]
[SourceDate "2010.11.25"]
[SourceVersion "1"]
[SourceVersionDate "2010.11.25"]
[SourceQuality "1"]

1. e4 c5 2. Nf3 e6 3. d4 cxd4 4. Nxd4 Nc6 5. Nxc6 bxc6 6. Bd3 Nf6 7. 0-0 Be7 8. Nd2 0-0 9. Qe2 d6 10. f4 Bb7 11. e5 dxe5 12. fxe5 Nd5 13. c3 Qc7 14. Nc4 c5 15. Qg4 Kh8 16. Qh3 g6 17. Bh6 Kg8 18. Bxf8 Rxf8 19. Qg3 Qd8 20. Rad1 Bh4 21. Qg4 Qe7 22. Be4 Bg5 23. Kh1 Bh6 24. Qe2 Qg5 25. Qf3 Bg7 26. Rfe1 h5 27. Na5 Bc8 28. Bxd5 exd5 29. Qxd5 Bg4 30. Rd3 Qh4 31. g3 Qg5 32. Kg2 Bf5 33. Rde3 h4 34. Qc4 h3+ 35. Kg1 Bh6 36. Kf2 Rd8 37. Nb3 Be6 38. Qxc5 Bxb3 39. axb3 Qf5+ 40. Rf3 Rd2+ 41. Re2 Rxe2+ 42. Kxe2 Qc2+ 43. Ke1 Qd2+ 44. Kf1 Qg2+ 45. Ke1 Qxf3 46. Qc8+ Kg7 47. Qxh3 Be3 48. Qd7 Qf2+ 49. Kd1 Qf1+ 50. Kc2 Qc1+ 51. Kd3 Qd2+ 52. Ke4 Qxd7 53. Kxe3 Qh3 0-1

[Event "Niedersachsen-ch op"]
[Site "Verden"]
[Date "2009.01.06"]
[Round "7"]
[White "Thumulka, Patrick"]
[Black "Meyer, Irmin"]
[Result "1/2-1/2"]
[WhiteElo "1835"]
[BlackElo "2036"]
[PlyCount "53"]
[EventDate "2009.01.03"]
[EventType "swiss"]
[EventRounds "7"]
[EventCountry "GER"]
[SourceTitle "EXT 2012"]
[Source "ChessBase"]
[SourceDate "2011.11.24"]
[SourceVersion "1"]
[SourceVersionDate "2011.11.24"]
[SourceQuality "1"]

1. e4 c6 2. d4 d5 3. e5 Bf5 4. Nc3 Qb6 5. g4 Bd7 6. h3 e6 7. Nge2 c5 8. Be3 Nc6 9. dxc5 Bxc5 10. Bxc5 Qxc5 11. f4 Nge7 12. Qd2 h5 13. Bg2 hxg4 14. hxg4 Rxh1+ 15. Bxh1 0-0-0 16. 0-0-0 Rh8 17. Bf3 Qf2 18. Nd4 Qxd2+ 19. Rxd2 Nxd4 20. Rxd4 Rh3 21. Bd1 Ng6 22. Kd2 Kc7 23. Be2 a6 24. Nd1 Kc6 25. Nf2 Rh2 26. Nd3 a5 27. b3 1/2-1/2

[Event "GER-chT WK U18 4th"]
[Site "Kiel"]
[Date "2008.06.01"]
[Round "5.1"]
[White "Thumulka, Patrick"]
[Black "Schimmel, Fabian"]
[Result "1-0"]
[WhiteElo "1687"]
[BlackElo "1166"]
[PlyCount "139"]
[EventDate "2008.05.31"]
[EventType "team-swiss"]
[EventRounds "7"]
[EventCountry "GER"]
[SourceTitle "EXT 2010"]
[Source "ChessBase"]
[SourceDate "2010.11.25"]
[SourceVersion "1"]
[SourceVersionDate "2010.11.25"]
[SourceQuality "1"]

1. e4 e5 2. Nf3 Nc6 3. Bb5 a6 4. Ba4 b5 5. Bb3 Nf6 6. d3 Bb4+ 7. c3 Bc5 8. 0-0 d5 9. exd5 Nxd5 10. h3 Qd6 11. Nbd2 Nf4 12. Ne4 Qg6 13. Bxf4 exf4 14. Kh1 Bd6 15. Nxd6+ cxd6 16. Re1+ Be6 17. Bd5 Rc8 18. Qe2 Nd8 19. Nd4 Ke7 20. Nxe6 Nxe6 21. Bb7 Rc5 22. d4 Rg5 23. Qf3 Re8 24. d5 Kf8 25. dxe6 Rxe6 26. Rxe6 Qxe6 27. Qe4 Re5 28. Qxf4 Rf5 29. Qd2 Qf6 30. Kg1 a5 31. Re1 h5 32. Bc6 g5 33. Re8+ Kg7 34. Qd4 Qxd4 35. cxd4 Rf4 36. d5 b4 37. Ra8 f5 38. Rxa5 Re4 39. Kf1 Kf6 40. f3 Rc4 41. Ba4 Ke5 42. Ke2 Rd4 43. Be8 h4 44. Bg6 f4 45. Be4 Rc4 46. Ra8 Rc7 47. Rg8 Ra7 48. Rxg5+ Kf6 49. Rf5+ Ke7 50. Bb1 b3 51. axb3 Rb7 52. Bc2 Rc7 53. Kd2 Rb7 54. Rxf4 Rb5 55. Rd4 Kf6 56. Bd3 Rxb3 57. Kc2 Rb7 58. Rxh4 Rc7+ 59. Bc4 Kg5 60. Re4 Kf5 61. b3 Rg7 62. Rg4 Rc7 63. Kd3 Re7 64. Re4 Rg7 65. g4+ Kf6 66. h4 Kg6 67. Re6+ Kf7 68. Rxd6 Ke7 69. Ra6 Kd7 70. Ke4 1-0

[Event "Niedersachsen-ch U14"]
[Site "Rotenburg"]
[Date "2008.03.18"]
[Round "6"]
[White "Loewe, Lennard"]
[Black "Thumulka, Patrick"]
[Result "0-1"]
[WhiteElo "1767"]
[BlackElo "1826"]
[PlyCount "74"]
[EventDate "2008.03.15"]
[EventType "swiss"]
[EventRounds "9"]
[EventCountry "GER"]
[SourceTitle "EXT 2009"]
[Source "ChessBase"]
[SourceDate "2008.11.26"]
[SourceVersion "1"]
[SourceVersionDate "2008.11.26"]
[SourceQuality "1"]

1. c4 c6 2. Nf3 Nf6 3. Nc3 d5 4. cxd5 cxd5 5. e3 Nc6 6. Bb5 Bd7 7. d4 e6 8. 0-0 Bb4 9. a3 Ba5 10. b4 Bc7 11. Na4 0-0 12. Nc5 b6 13. Nxd7 Qxd7 14. Qa4 Rac8 15. Bxc6 Qd6 16. Bb5 Ng4 17. g3 f6 18. h3 Nxf2 19. Kxf2 Qxg3+ 20. Ke2 Qxh3 21. Bd2 Bg3 22. Be1 Qg2+ 23. Bf2 e5 24. Qd1 e4 25. Nd2 Bxf2 26. Rxf2 Qg4+ 27. Ke1 Qg1+ 28. Bf1 Rc3 29. Ke2 Rfc8 30. Bg2 Qh2 31. Bxe4 Qh6 32. Bxd5+ Kf8 33. Nc4 R8xc4 34. Bxc4 Rxe3+ 35. Kd2 Rf3+ 36. Ke1 Re3+ 37. Re2 Qh4+ 0-1

[Event "Niedersachsen-ch U14"]
[Site "Rotenburg"]
[Date "2008.03.18"]
[Round "5"]
[White "Thumulka, Patrick"]
[Black "Hartogh, Tim"]
[Result "1/2-1/2"]
[WhiteElo "1826"]
[BlackElo "1390"]
[PlyCount "41"]
[EventDate "2008.03.15"]
[EventType "swiss"]
[EventRounds "9"]
[EventCountry "GER"]
[SourceTitle "EXT 2009"]
[Source "ChessBase"]
[SourceDate "2008.11.26"]
[SourceVersion "1"]
[SourceVersionDate "2008.11.26"]
[SourceQuality "1"]

1. e4 c6 2. d4 d5 3. e5 Bf5 4. Nf3 e6 5. Be2 Nd7 6. 0-0 c5 7. Be3 Ne7 8. c4 cxd4 9. Bxd4 dxc4 10. Na3 Nc6 11. Nxc4 Qc7 12. Bc3 Rd8 13. Qc1 Nb6 14. Nxb6 Qxb6 15. a3 Be7 16. Qf4 h6 17. h3 a6 18. Rad1 0-0 19. Qc4 Rc8 20. Qa4 Rfd8 21. Rxd8+ 1/2-1/2

[Event "Niedersachsen-ch U14"]
[Site "Rotenburg"]
[Date "2008.03.15"]
[Round "1"]
[White "Thumulka, Patrick"]
[Black "Rethmann, Kristin"]
[Result "1/2-1/2"]
[WhiteElo "1826"]
[BlackElo "1412"]
[PlyCount "31"]
[EventDate "2008.03.15"]
[EventType "swiss"]
[EventRounds "9"]
[EventCountry "GER"]
[SourceTitle "EXT 2009"]
[Source "ChessBase"]
[SourceDate "2008.11.26"]
[SourceVersion "1"]
[SourceVersionDate "2008.11.26"]
[SourceQuality "1"]

1. c4 e6 2. Nc3 Nf6 3. g3 d5 4. cxd5 Nxd5 5. Bg2 b6 6. Nxd5 exd5 7. d4 Be7 8. e3 0-0 9. Ne2 Bf5 10. 0-0 c6 11. Bd2 Nd7 12. Rc1 Rc8 13. Qb3 Nf6 14. Nf4 Qd7 15. Nd3 Bd6 16. Nb4 1/2-1/2

[Event "Niedersachsen-ch"]
[Site "Verden"]
[Date "2008.01.04"]
[Round "3"]
[White "Thumulka, Patrick"]
[Black "Stummeyer, Dieter"]
[Result "1-0"]
[WhiteElo "1826"]
[BlackElo "1757"]
[PlyCount "45"]
[EventDate "2008.01.03"]
[EventType "swiss"]
[EventRounds "7"]
[EventCountry "GER"]
[SourceTitle "EXT 2010"]
[Source "ChessBase"]
[SourceDate "2010.11.25"]
[SourceVersion "1"]
[SourceVersionDate "2010.11.25"]
[SourceQuality "1"]

1. e4 c5 2. Nf3 Nc6 3. d4 cxd4 4. Nxd4 e6 5. Nc3 a6 6. Nxc6 bxc6 7. Bd3 Bc5 8. 0-0 Ne7 9. b3 d5 10. Bb2 0-0 11. Na4 Ba7 12. Qg4 e5 13. Qh5 f6 14. Rad1 g6 15. Qe2 Qc7 16. Rd2 Bb7 17. c4 dxe4 18. Bxe4 c5 19. Rfd1 Bxe4 20. Qxe4 Rfd8 21. Kf1 Nf5 22. Nc3 Rxd2 23. Rxd2 1-0

[Event "Niedersachsen-ch"]
[Site "Verden"]
[Date "2008.01.03"]
[Round "2"]
[White "Boehm, Jana"]
[Black "Thumulka, Patrick"]
[Result "0-1"]
[WhiteElo "974"]
[BlackElo "1826"]
[PlyCount "48"]
[EventDate "2008.01.03"]
[EventType "swiss"]
[EventRounds "7"]
[EventCountry "GER"]
[SourceTitle "EXT 2010"]
[Source "ChessBase"]
[SourceDate "2010.11.25"]
[SourceVersion "1"]
[SourceVersionDate "2010.11.25"]
[SourceQuality "1"]

1. e4 e6 2. d4 d5 3. exd5 exd5 4. Bd3 c5 5. c3 Nc6 6. Nf3 Nf6 7. Bg5 Be6 8. 0-0 Be7 9. Nbd2 0-0 10. Qc2 h6 11. Bh4 Qb6 12. dxc5 Qxc5 13. Nb3 Qb6 14. Rad1 Rac8 15. Rfe1 Nb4 16. Qb1 Nxd3 17. Qxd3 Rfe8 18. Ne5 Ne4 19. Rc1 Bxh4 20. Rf1 Nxf2 21. Qf3 Ne4+ 22. Kh1 Nf2+ 23. Kg1 Ng4+ 24. Kh1 Nxe5 0-1

[Event "GER-ch U12"]
[Site "Willingen"]
[Date "2007.06.01"]
[Round "11"]
[White "Thumulka, Patrick"]
[Black "Goebel, Constantin"]
[Result "1/2-1/2"]
[WhiteElo "1638"]
[BlackElo "1846"]
[PlyCount "73"]
[EventDate "2007.05.26"]
[EventType "swiss"]
[EventRounds "11"]
[EventCountry "GER"]
[SourceTitle "CBM 118 Extra"]
[Source "ChessBase"]
[SourceDate "2007.07.04"]
[SourceVersion "1"]
[SourceVersionDate "2007.07.04"]
[SourceQuality "1"]

1. e4 e6 2. d4 d5 3. Nc3 Bb4 4. Qg4 Nf6 5. Qxg7 Rg8 6. Qh6 dxe4 7. a3 Ba5 8. Nge2 Nc6 9. Be3 Rg6 10. Qh4 Ne7 11. h3 Nf5 12. Qf4 c6 13. Qe5 Bc7 14. Qc5 Nd7 15. Qc4 Nb6 16. Qb3 Nxe3 17. fxe3 Nd5 18. Nxd5 exd5 19. 0-0-0 a5 20. g4 a4 21. Qa2 Qg5 22. Kd2 Rf6 23. Re1 Rf3 24. Ng1 Rf2+ 25. Be2 Be6 26. Qb1 Bb6 27. c3 c5 28. h4 Qe7 29. Nh3 Rg2 30. Nf4 Rf2 31. Reg1 cxd4 32. cxd4 Rxf4 33. exf4 Bxd4 34. Rc1 Qd8 35. Bb5+ Kf8 36. f5 Qa5+ 37. Kd1 1/2-1/2

[Event "GER-ch U12"]
[Site "Willingen"]
[Date "2007.06.01"]
[Round "9"]
[White "Thumulka, Patrick"]
[Black "Kuckling, Hannah"]
[Result "1-0"]
[WhiteElo "1638"]
[BlackElo "1248"]
[PlyCount "73"]
[EventDate "2007.05.26"]
[EventType "swiss"]
[EventRounds "11"]
[EventCountry "GER"]
[SourceTitle "CBM 118 Extra"]
[Source "ChessBase"]
[SourceDate "2007.07.04"]
[SourceVersion "1"]
[SourceVersionDate "2007.07.04"]
[SourceQuality "1"]

1. e4 c5 2. Nf3 d6 3. d4 cxd4 4. Nxd4 Nf6 5. Nc3 g6 6. Be3 Bg7 7. f3 0-0 8. Qd2 Nc6 9. Bc4 Bd7 10. 0-0-0 Rc8 11. Bb3 Ne5 12. Kb1 Nc4 13. Bxc4 Rxc4 14. g4 Qa5 15. g5 Nh5 16. Nd5 Qd8 17. Ne2 e6 18. Ndc3 Bc6 19. Qxd6 Qxd6 20. Rxd6 a5 21. Rd3 b5 22. b3 Rxc3 23. Nxc3 b4 24. Ne2 Bb5 25. Rd2 Ra8 26. Ng3 Bc3 27. Nxh5 gxh5 28. Rg2 a4 29. Rd1 axb3 30. cxb3 e5 31. Bc1 Rc8 32. Bb2 Kg7 33. Rc2 Kg6 34. h4 h6 35. Bxc3 bxc3 36. a4 Ba6 37. Rd6+ 1-0

[Event "GER-ch U12"]
[Site "Willingen"]
[Date "2007.05.30"]
[Round "7"]
[White "Thumulka, Patrick"]
[Black "Baier, Christoph"]
[Result "1-0"]
[WhiteElo "1638"]
[BlackElo "1302"]
[PlyCount "95"]
[EventDate "2007.05.26"]
[EventType "swiss"]
[EventRounds "11"]
[EventCountry "GER"]
[SourceTitle "CBM 118 Extra"]
[Source "ChessBase"]
[SourceDate "2007.07.04"]
[SourceVersion "1"]
[SourceVersionDate "2007.07.04"]
[SourceQuality "1"]

1. e4 e6 2. d4 d5 3. Nc3 Nf6 4. e5 Nfd7 5. Nce2 c5 6. c3 Nc6 7. f4 Be7 8. Nf3 b6 9. Be3 Qc7 10. g3 Ba6 11. Bg2 0-0-0 12. 0-0 h6 13. a3 f5 14. Qd2 Na5 15. Qd1 Nc4 16. Bc1 Rdg8 17. b3 Na5 18. Re1 g5 19. Be3 Nc6 20. Qd2 g4 21. Nh4 Bxh4 22. gxh4 c4 23. b4 b5 24. a4 h5 25. Reb1 Kb7 26. Bf2 Qb6 27. Qb2 Rg7 28. Ng3 Nf8 29. Nf1 Nd7 30. Ng3 Nf8 31. Nf1 Nd7 32. Ne3 Ndb8 33. Nc2 Rhh7 34. Na3 Rh8 35. Nc2 Rhh7 36. Ne3 Nd7 37. Ra2 Ndb8 38. Nd1 Rh8 39. Qa3 Kc8 40. Nb2 Bb7 41. axb5 Qxb5 42. Na4 Nd7 43. Rab2 Rgh7 44. Ra1 a5 45. bxa5 Qxa5 46. Qd6 Kd8 47. Rxb7 Qa6 48. Rb6 1-0